000 00871nam a22002057a 4500
999 _c21305
_d21305
003 OSt
005 20240904172227.0
008 240904b ||||| |||| 00| 0 eng d
040 _c0
082 _aDPer 621.317 Ie21 December 2022 v.37 n. 12 part 1&2.
100 _aFreijedo, Francisco D.
_eauthor.
_960158
245 _aControl method for distortionless zero-cross in active unity power factor rectifiers /
_cFrancisco D. Freijedo, Diego Lopez, Thiawanka Wijekoon, and Miroljub Bakic.
260 _aNew York;
_bThe Institute of Electrical and Electronics Engineers, Inc.,
_cDecember 2022.
300 _avolume 37, pages 14096-14102,
_billustration.
700 _aFreijedo, Francisco D.
_eauthor.
_960158
700 _aLopez, Diego.
_eauthor.
_960159
700 _aWijekoon, Thiawanka.
_eauthor.
_960160
700 _aBakic, Miroljub.
_eauthor.
_960161
942 _2ddc
_cPER